00529nam a2200193 a 4500001001300000003000900013005001700022008004100039020000800080082001600088100002500104245004900129260005500178300000900233500003500242505001300277650002000290700002500310nice12345678IN_TiNIC20260116011832.0050524s1971 dela grp 000 0 urd  ac500a922.97bNIZ aNizami, Khaliq Ahmad aSyed Ahmad Khanb Jadeed Hindustan Ke Me`mar aDelhibPubl. Division of Ministry of I and Bc1971 a196p aincludes index and biblioraphy2 aAppendix aSyed Ahmad Khan1 aNizami, Khaliq Ahmad